00609 2200205 4500001002100000005001500021035002000036007000300056008004100059020001800100082001100118084001700129100001800146245009400164250001100258260004400269300002600313650003900339990002500378INLIS00000000000135120230622010349 a0010-0623000014ta230622 g 0 eng  a9786230032196 a808.02 a808.02 PEP t0 aPepih Nugraha1 aTULISLAH! MENGEMBANGKAN PROSES KREATIF MENULIS :bBerita. Feature. Fiksi /cPepih Nugraha aCet. 1 aJakarta :bElex Media Komputindo,c2022 a182 hlm ;c14 x 21 cm 4aKepengarangan dan Teknik Editorial a02227/PSMUH/Hib/2022